| 000 | 00847nam a2200253 4500 | ||
|---|---|---|---|
| 003 | CO-ViMGA | ||
| 008 | 160824b xxu||||| |||| 00| 0 eng d | ||
| 020 | _a9789587752953 | ||
| 040 |
_aCO-ViMGA _bspa _cCO-ViMGA |
||
| 082 | 0 | 4 |
_a614.4 _bR49e |
| 100 | 1 |
_aRivas Muñoz, Fabio Aurelio _d1958 _94183 |
|
| 245 | 1 | 0 |
_aEpidemiología : _bfundamentos y reflexiones / _cFabio Aurelio Rivas Muñoz |
| 250 | _a2 ed. | ||
| 260 |
_aBogotá : _bUniversidad Nacional de Colombia. Vicerrectoría de Investigación. _c2015 |
||
| 300 |
_a322 p.: _bil., tablas. |
||
| 490 | _aSalud pública y nutrición humana | ||
| 500 | _aIncluye índice | ||
| 504 | _aIncluye referencias bibliográficas | ||
| 650 | 1 | 4 |
_aBioética _94187 |
| 650 | 1 | 4 |
_aEnfermades transmisibles _94186 |
| 650 | 1 | 4 |
_aEpidemiología _94184 |
| 650 | 1 | 4 |
_aSalud pública _94185 |
| 942 |
_cBK _2ddc |
||
| 999 |
_c35689 _d35689 |
||